000 00923cam a2200217K 4500
082 0 4 _a510
_bHUN
_cl-2, P-17
100 1 _aHuntington, E. V.
_938883
245 1 0 _aHandbook of mathematics
_cby Edward V. Huntington, with tables of weights and measures by H.W. Bearce. Reprint of sections 1 and 2 of L.S. Marks's "Mechanical engineers' handbook."
250 _a3rd ed.
260 _aNew York,
_aLondon,
_bMcGraw-Hill Book Co.,
_c1943.
300 _a1 online resource (vii, 189 p. incl. illus. tables, diagrs.)
500 _a"Weights and measures revised by H.W. Bearce (Originally prepared by Louis A. Fischer)."
526 _a0
_b0
_c0
_d510_000000000000000_HUN
650 0 _aEngineering
650 0 _aMathematics.
650 0 _aMCE
_9379
700 1 _aBearce, Henry Walter,
_938884
700 1 _aFischer, Louis Albert,
_938885
856 4 0 _uhttp://catalog.hathitrust.org/api/volumes/oclc/3149429.html
942 _2ddc
_cBK
999 _c543505
_d543505